[Event "41st TCh-GRE"]
[Site "Rio (Achaia) GRE"]
[Date "2013.07.06"]
[Round "6.2"]
[White "Malikentzos,S"]
[Black "Mastrovasilis,D"]
[Result "1/2-1/2"]
[WhiteElo "2347"]
[BlackElo "2606"]

1.Nf3 d5 2.d4 Nf6 3.c4 c6 4.Nc3 a6 5.cxd5 cxd5 6.Bf4 Nc6 7.Rc1 Bf5 8.e3 Rc8
9.Ne5 Nxe5 10.Bxe5 Nd7 11.Bg3 e6 12.Bd3 Bxd3 13.Qxd3 Be7 14.O-O O-O 15.Ne2 Qa5
16.Qb3 b5 17.Rxc8 Rxc8 18.Nf4 Nb6 19.Nd3 f6 20.h4 Qa4 21.Qd1 Qxd1 22.Rxd1 Na4
23.Rd2 Kf7 24.Kf1 Bd8 25.Bd6 Ba5 26.Bb4 Bxb4 27.Nxb4 a5 28.Nd3 Ke7 29.Ke2 Rc7
30.Kd1 Nb6 31.Rc2  1/2-1/2

[Event "e2e4 Sunningdale July Open"]
[Site "Ascot ENG"]
[Date "2013.07.07"]
[Round "4"]
[White "Gibson,Ch"]
[Black "Wadsworth,Matthew J"]
[Result "0-1"]
[WhiteElo "2006"]
[BlackElo "2136"]

1.d4 d5 2.c4 c6 3.Nf3 Nf6 4.Nc3 a6 5.Bf4 Nbd7 6.c5 Nh5 7.e3 g6 8.Bd3 Bg7
9.O-O O-O 10.h3 Re8 11.Bh2 e5 12.Nxe5 Nxe5 13.Bxe5 Bxe5 14.dxe5 Rxe5 15.Qf3 Ng7
16.Ne2 Bf5 17.Rfd1 Qe7 18.Rac1 Bxd3 19.Rxd3 Re8 20.b4 Rf5 21.Qg4 Re5 22.Rb3 Nh5
23.Nd4 Re4 24.Qd1 f5 25.Nxf5 gxf5 26.Qxh5 Qf6 27.a4 f4 28.exf4 Qxf4 29.Qg4+ Qxg4
30.hxg4 Rxg4 31.Rcc3 Re1+ 32.Kh2 Re2 33.Rg3 Rxg3 34.Rxg3+ Kh8 35.Re3 Rxe3
36.fxe3 Kg7 37.Kg3 Kf6 38.Kf4 h6 39.e4 d4 40.e5+ Ke6 41.Ke4 d3 42.Kxd3 Kxe5
43.Ke3 Kd5 44.Kd3 a5 45.bxa5 Kxc5 46.Kc3 Kd5 47.Kd3 c5 48.Kc3 c4 49.Kc2 Kd4
50.Kd2 c3+ 51.Kc2 Kc4 52.g4 Kb4 53.a6 bxa6 54.a5 Kxa5 55.Kxc3 Kb5  0-1

[Event "6th d'Ille et Vilaine 2013"]
[Site "Rennes FRA"]
[Date "2013.07.07"]
[Round "2.3"]
[White "Bailet,P"]
[Black "Salles,L"]
[Result "1-0"]
[WhiteElo "2474"]
[BlackElo "2176"]

1.d4 d5 2.c4 c6 3.Nf3 Nf6 4.Nc3 a6 5.g3 dxc4 6.a4 a5 7.Bg2 Na6 8.O-O g6 9.Ne5 Be6
10.e4 Nb4 11.Be3 Nd7 12.Nxd7 Qxd7 13.d5 cxd5 14.exd5 Bf5 15.Qd4 f6 16.Qxc4 Bg7
17.Ne4 Bxe4 18.Qxe4 f5 19.Qc4 Bxb2 20.Rab1 Bf6 21.Bb6 Kf8 22.d6 exd6 23.Bxa5 Rxa5
24.Rxb4 Rc5 25.Qb3 Rc7 26.Rxb7 Rxb7 27.Bxb7 Kg7 28.a5 Rb8 29.a6 Bd4 30.Rd1 Ba7
31.Qc3+ Kh6 32.Qd2+ Kg7 33.Qxd6 Qxd6 34.Rxd6 Re8 35.Kf1 Re7 36.h4 Bc5 37.Rc6 Ba7
38.Rc8 Bb6 39.Ra8 Kh6 40.Bd5 Ra7 41.Rxa7 Bxa7 42.f4 Kg7 43.Ke2 h6 44.Kd3 Kf6
45.Bg8 Ke7 46.Bh7 Kf6 47.h5 gxh5 48.Kc4 Ke6 49.Kb5 Kd6 50.Bxf5 Kc7 51.Be4 Kb8
52.f5 Bf2 53.f6 Bxg3 54.f7 Bd6 55.Kb6  1-0

[Event "41st TCh-GRE"]
[Site "Rio (Achaia) GRE"]
[Date "2013.07.07"]
[Round "7.3"]
[White "Logothetis,S"]
[Black "Tsarouhas,K"]
[Result "1-0"]
[WhiteElo "2206"]
[BlackElo "2180"]

1.d4 d5 2.c4 c6 3.Nf3 Nf6 4.Nc3 a6 5.a4 e6 6.Bg5 Bb4 7.e3 Nbd7 8.Bd3 Qa5
9.O-O dxc4 10.Bxc4 Bxc3 11.bxc3 Qxc3 12.Qe2 Ne4 13.Bf4 O-O 14.a5 c5 15.Bd3 Ndf6
16.Rfc1 Qb3 17.dxc5 Qd5 18.Qc2 Bd7 19.Ne5 Bb5 20.Bxb5 axb5 21.f3 Nd2 22.Ra3 Nc4
23.Nxc4 bxc4 24.Qxc4 Rfc8 25.Qxd5 Nxd5 26.Bd6 Ra6 27.Rb1 Ra7 28.e4 Nc7 29.Bxc7 Rxc7
30.a6 Kf8 31.Rxb7 Raxb7 32.axb7 Rxb7 33.Rc3 e5 34.Kf2 Ke7 35.Rc2 Kd8 36.Ke3 Rb3+
37.Kd2 Kc7 38.h4 Kc6 39.Ke2 Rb5 40.Ra2 Kxc5 41.Ra7 Rb2+ 42.Kf1 Rb6 43.Rxf7 Rh6
44.Rxg7 Rxh4 45.Rd7 Kc4 46.Rd5 Rh5 47.Kf2 Rg5 48.g3 h6 49.f4 Rg6 50.Rxe5 Rd6
51.Kf3  1-0

[Event "IsBank TCh-TUR 2013"]
[Site "Denizli TUR"]
[Date "2013.07.08"]
[Round "11.7"]
[White "Koksal,E"]
[Black "Sumer,G"]
[Result "1-0"]
[WhiteElo "2247"]
[BlackElo "1935"]

1.d4 d5 2.c4 c6 3.Nc3 Nf6 4.Nf3 a6 5.a4 g6 6.Bf4 Bg7 7.e3 O-O 8.Qb3 Qa5 9.c5 Nbd7
10.Qa3 Nh5 11.Bg5 e5 12.Be7 Re8 13.b4 Qc7 14.Bd6 Qd8 15.Be2 exd4 16.Nxd4 Nf8
17.O-O Nf6 18.Rad1 Ne6 19.Rfe1 Nxd4 20.exd4 Ne4 21.Nxe4 Rxe4 22.Qc3 Bf5 23.Bf3 Rxe1+
24.Rxe1 Be6 25.h3 Qh4 26.Be5 Re8 27.Bxg7 Kxg7 28.b5 axb5 29.axb5 Ra8 30.bxc6 bxc6
31.Ra1 Rxa1+ 32.Qxa1 Qf4 33.Qc3 h5 34.g3 Qb8 35.Kg2 Qc8 36.h4 Bh3+ 37.Kh2 Bg4
38.Bg2 Qe6 39.Qd2 Be2 40.Qf4 Bb5 41.Bf3 Be2 42.Bg2 Bb5 43.Bh3 Qf6 44.Qe3 Kf8
45.Kg2 Kg7 46.Bd7 Kf8 47.Bc8 Kg7 48.Bh3 Kf8 49.f4 Qe7 50.Qxe7+ Kxe7 51.f5 Kf6
52.fxg6 fxg6 53.Kf3 g5 54.Bc8 Ba4 55.Ke3 Bb5 56.Bd7 Ke7 57.Bc8 Kf6 58.Kd2 Ba4
59.Kc3 Bb5 60.Kb4 gxh4 61.gxh4 Ke7 62.Ka5 Kd8 63.Ba6 Bc4 64.Kb6 Kd7 65.Bb7 Bb5
66.Ba8 Ba4 67.Kb7 Bb5 68.Kb8 Bc4 69.Bb7 Be2 70.Bc8+ Kd8 71.Bf5 Bg4 72.Bc2 Be2
73.Kb7 Bb5 74.Bd1 Ke7 75.Bxh5 Kf6 76.Be8 Kf5 77.Bxc6 Bc4 78.Bd7+ Ke4 79.h5 Kxd4
80.c6 Bb5 81.h6  1-0

[Event "VIII Wroclaw Open A 2013"]
[Site "Wroclaw POL"]
[Date "2013.07.09"]
[Round "9.11"]
[White "Balinski,D"]
[Black "Kanicki,K"]
[Result "1-0"]
[WhiteElo "2121"]
[BlackElo "1964"]

1.d4 d5 2.c4 c6 3.Nf3 Nf6 4.Nc3 a6 5.c5 Nbd7 6.Bf4 Nh5 7.e3 Nxf4 8.exf4 b6
9.b4 g6 10.Bd3 Bg7 11.Qd2 a5 12.b5 Bb7 13.cxb6 c5 14.Rc1 cxd4 15.Na4 Nxb6
16.Nc5 Bc8 17.Nb3 O-O 18.Nbxd4 Bb7 19.O-O e6 20.Nc6 Bxc6 21.Rxc6 Qb8 22.Qe3 Nd7
23.Rfc1 e5 24.Rc7 exf4 25.Qe7 Nf6 26.Ne5 Ne8 27.Nd7 Qd8 28.Qxd8 Rxd8 29.Ra7 Bd4
30.b6 Rxd7 31.Rxd7 Bxb6 32.Rxd5 Ng7 33.Rc6 Bd8 34.Rc8 Ne6 35.Rd7 Be7 36.Rxf8+ Kxf8
37.Bc4 Nd8 38.Ra7 Bb4 39.Bd5 h5 40.Kf1 Ke8 41.Ke2 Kf8 42.Kf3 Bd2 43.Ke4 Ke8
44.Ke5 Bb4 45.Kxf4 Bd6+ 46.Kf3 Bb4 47.h3 Bc3 48.Ke4 Be1 49.f3 Bc3 50.a4 Be1
51.Kd3 h4 52.Kc4 Bd2 53.Kb5 g5 54.Bc6+  1-0

[Event "Styrian Open A 2013"]
[Site "Bad Gleichenberg AUT"]
[Date "2013.07.10"]
[Round "5.23"]
[White "Enne,H"]
[Black "Pallitsch,C"]
[Result "0-1"]
[WhiteElo "2007"]
[BlackElo "2152"]

1.d4 d5 2.c4 c6 3.Nc3 Nf6 4.Nf3 a6 5.c5 Bg4 6.Ne5 Bf5 7.Qb3 Ra7 8.Bf4 Nbd7
9.h3 Nxe5 10.Bxe5 Nd7 11.g4 Bg6 12.Bg3 e5 13.e3 Be7 14.O-O-O e4 15.h4 h6
16.Ne2 O-O 17.Nf4 b6 18.cxb6 Nxb6 19.Rd2 a5 20.a3 a4 21.Qa2 Qa8 22.Rh2 Ra5
23.Rc2 Qb7 24.Nxg6 fxg6 25.f4 exf3 26.e4 Kh8 27.e5 c5 28.dxc5 Rxc5 29.Bd3 Qc6
30.Qb1 Nc4 31.Bf2 Nxe5 32.Rxc5 Bxc5 33.Kd2 Nxg4 34.Bxc5 Qxc5 35.Rh3 Qe3+
36.Kc3 Rc8+ 37.Kb4 Qb6+ 38.Bb5 Rc4+  0-1

[Event "St. Pauli Open 2013"]
[Site "Hamburg GER"]
[Date "2013.07.10"]
[Round "6.8"]
[White "Bitkinin,L"]
[Black "Hochgraefe,M"]
[Result "0-1"]
[WhiteElo "2126"]
[BlackElo "2327"]

1.d4 d5 2.Nf3 Nf6 3.c4 c6 4.Nc3 a6 5.e3 b5 6.cxd5 cxd5 7.Bd3 Bb7 8.Ne5 Nbd7
9.f4 e6 10.O-O Be7 11.a3 Ne4 12.Bxe4 dxe4 13.Qh5 O-O 14.Qh3 Rc8 15.Bd2 Nb6
16.f5 exf5 17.Qxf5 g6 18.Qh3 f6 19.Ng4 Nc4 20.Bc1 h5 21.Nf2 f5 22.Ne2 Bg5
23.Qg3 h4 24.Qh3 Kg7 25.Nd1 Qd6 26.Nf4 Be7 27.g4 hxg3 28.Qxg3 Kf7 29.Nc3 g5
30.Nfe2 Qxg3+ 31.Nxg3 Kg6 32.Ra2 Nxa3 33.bxa3 Rxc3 34.Raf2 Bc8 35.Bd2 Rxa3
36.Nxe4 Be6 37.Ng3 Rd3 38.Bc1 Bd6 39.Ne2 Rh8 40.e4 f4 41.e5 Be7 42.Rxf4 Kg7
43.R4f2 Bd5 44.Rf5 Be6 45.R5f2 Rh4 46.Bb2 Kg8 47.Rc1 Bc4 48.Ng3 Rg4 49.Re1 Bb4
50.Rc1 Bd2 51.Rd1 Be3 52.Rxd3 Bxd3 53.Kg2 Be4+ 54.Rf3 Bxd4 55.Bxd4 Bxf3+
56.Kxf3 Rxd4 57.Ne4 Rxe4 58.Kxe4 b4 59.e6 b3  0-1

[Event "Universiade Women"]
[Site "Kazan RUS"]
[Date "2013.07.10"]
[Round "2.3"]
[White "Tan Zhongyi"]
[Black "Kulovana,E"]
[Result "1-0"]
[WhiteElo "2478"]
[BlackElo "2272"]

1.Nf3 d5 2.d4 Nf6 3.c4 c6 4.Nc3 a6 5.c5 Bf5 6.Bf4 Nbd7 7.e3 e6 8.Nd2 b6 9.b4 Be7
10.Be2 O-O 11.O-O Qc8 12.cxb6 Nxb6 13.Na4 Nbd7 14.Qb3 a5 15.b5 cxb5 16.Qxb5 Ra7
17.Rfc1 Qa8 18.Nb3 Rb7 19.Qa6 Rb4 20.Nac5 a4 21.Nxd7 Nxd7 22.Na5 Rb6 23.Qxa8 Rxa8
24.g4 Rb2 25.gxf5 Rxe2 26.Rc7 Bd8 27.Rxd7 Bxa5 28.Rb1 Re1+ 29.Rxe1 Bxe1 30.fxe6 fxe6
31.Be5 Rc8 32.Rxg7+ Kf8 33.Kf1 Rc1 34.Ra7 Bb4+ 35.Kg2 a3 36.Ra6 Kf7 37.Bd6 Bxd6
38.Rxd6 Rc2 39.Rd7+ Kg6 40.Re7 Kf6 41.Rxh7 Rxa2 42.Ra7 Ra1 43.Kf3 a2 44.Kf4 Rh1
45.Rxa2 Rxh2 46.Kg3 Rh1 47.Ra8 Rg1+ 48.Kf4 Rh1 49.Rf8+ Ke7 50.Rg8 Kf6 51.Kf3 Kf7
52.Rg4 Kf6 53.Kg2 Rh6 54.Kg3 Ke7 55.Rh4 Rg6+ 56.Kf3 Rf6+ 57.Ke2 Rg6 58.Rh7+ Kf6
59.Kf3 Rg1 60.Kf4 Rg2 61.Rh6+ Ke7 62.f3 Rg1 63.e4 dxe4 64.fxe4 Rg2 65.Rh7+ Kd6
66.Ra7 Rf2+ 67.Ke3 Rb2 68.e5+ Kc6 69.Re7 Kd5 70.Rd7+ Kc4 71.Rc7+ Kd5 72.Rc5+  1-0

[Event "2nd Ideon Andron Open 2013"]
[Site "Anogia GRE"]
[Date "2013.07.12"]
[Round "4.7"]
[White "Lirindzakis,T"]
[Black "Eleftherakis,S"]
[Result "1-0"]
[WhiteElo "2286"]
[BlackElo "1916"]

1.d4 d5 2.c4 c6 3.Nf3 Nf6 4.Nc3 a6 5.a4 e6 6.g3 dxc4 7.Bg2 Nbd7 8.O-O Bb4
9.Qc2 O-O 10.Rd1 Qa5 11.Na2 Be7 12.Bf4 Nd5 13.Bd2 Qd8 14.Qxc4 a5 15.e4 N5b6
16.Qb3 Nf6 17.Nc3 Bb4 18.Re1 Qe7 19.Rad1 h6 20.Bf4 Rd8 21.Re2 Nh5 22.Be3 c5
23.dxc5 Rxd1+ 24.Qxd1 Bxc5 25.Bxc5 Qxc5 26.Rd2 Nf6 27.Rd8+ Kh7 28.e5 Ng8
29.Ne4 g6 30.Nxc5  1-0

[Event "2nd Ideon Andron Open 2013"]
[Site "Anogia GRE"]
[Date "2013.07.14"]
[Round "6.13"]
[White "Aggeletos,Marios"]
[Black "Eleftherakis,S"]
[Result "0-1"]
[WhiteElo "1833"]
[BlackElo "1916"]

1.d4 d5 2.c4 c6 3.Nc3 Nf6 4.Nf3 a6 5.e3 b5 6.cxd5 cxd5 7.Bd3 Bb7 8.O-O e6
9.b3 Bd6 10.Bb2 O-O 11.Rc1 Nbd7 12.Ne2 Qe7 13.Ne5 Rac8 14.Qd2 Ne4 15.Bxe4 dxe4
16.Rxc8 Rxc8 17.Rc1 Nb6 18.Rxc8+ Nxc8 19.Qc3 Nb6 20.Ng3 Nd5 21.Qc2 Nb4 22.Qb1 f6
23.Ng4 Nd3 24.f3 Nxb2 25.Qxb2 exf3 26.gxf3 Bxf3 27.Nf2 Qc7 28.Nfe4 Be7 29.Nf2 f5
30.Nd3 Bf6 31.Ne5 Bb7 32.b4 Qd6 33.Qb3 Bxe5 34.dxe5 Qxe5 35.Qd3 Qd5 36.Qxd5 Bxd5
37.a3 Kf7 38.Kf2 g5 39.Ne2 e5 40.Nc3 Bc6  0-1

[Event "St. Pauli Open 2013"]
[Site "Hamburg GER"]
[Date "2013.07.14"]
[Round "9.3"]
[White "Socko,B"]
[Black "Hochgraefe,M"]
[Result "1-0"]
[WhiteElo "2646"]
[BlackElo "2327"]

1.d4 d5 2.c4 c6 3.Nf3 Nf6 4.Nc3 a6 5.c5 Nbd7 6.Bf4 Nh5 7.Bd2 g6 8.e4 dxe4
9.Nxe4 Ndf6 10.Nxf6+ exf6 11.Bc4 Qe7+ 12.Qe2 Qxe2+ 13.Kxe2 Be6 14.Kd3 Ng7
15.Ba5 Be7 16.Rhe1 O-O 17.Rad1 Rfe8 18.Kc3 f5 19.b4 Bf6 20.Kb3 Bxc4+ 21.Kxc4 Rxe1
22.Rxe1 Ne6 23.d5 cxd5+ 24.Kxd5 Rc8 25.g3 Bd8 26.Bxd8 Rxd8+ 27.Kc4 Kf8 28.Kc3 h5
29.Ne5 Kg7 30.Nc4 Rd7 31.Nd6 Kf6 32.Kc4 g5 33.a4 f4 34.b5 axb5+ 35.axb5 b6
36.Ne4+ Kf5 37.cxb6 fxg3 38.fxg3 Rd4+ 39.Kc3 Rd8 40.b7 Rb8 41.Nd6+ Kg6 42.Ra1 Nc5
43.Ra8 Nd7 44.Rxb8 Nxb8 45.Nc8  1-0

[Event "FSIM July 2013"]
[Site "Budapest HUN"]
[Date "2013.07.16"]
[Round "11.4"]
[White "Li Bo"]
[Black "To,N"]
[Result "1-0"]
[WhiteElo "2363"]
[BlackElo "2292"]

1.d4 d5 2.c4 c6 3.Nf3 Nf6 4.Nc3 a6 5.c5 Nbd7 6.Bf4 Nh5 7.e3 Nxf4 8.exf4 b6
9.b4 e6 10.Bd3 a5 11.a3 Qf6 12.Ne5 Qxf4 13.Nxc6 bxc5 14.bxc5 Nxc5 15.dxc5 Bxc5
16.O-O Bd7 17.Na4 Bd6 18.g3 Qf6 19.Bb5 O-O 20.Nb6 Rad8 21.Nxd7 Rxd7 22.a4 Rc7
23.Nxa5 Rfc8 24.Nb3 Be5 25.Rc1 Rxc1 26.Nxc1 Bd4 27.Nb3 Ba7 28.Qd2 Qf3 29.Nd4 Qc3
30.Qxc3 Rxc3 31.Nc6 Bc5 32.Ne5 Bd4 33.Nd3 g5 34.Rc1 Ra3 35.Nb4 Bc3 36.Nc6 Kg7
37.Kg2 g4 38.h3 h5 39.hxg4 hxg4 40.Rd1 Kf8 41.Rd3 f5 42.a5 Rxa5 43.Nxa5 Bxa5
44.Ra3 Bb4 45.Ra7 Be7 46.Bd7 Kf7 47.Ra6  1-0

[Event "7th LCT 2013"]
[Site "Leiden NED"]
[Date "2013.07.16"]
[Round "5.9"]
[White "Wantola,I"]
[Black "Chevannes,S"]
[Result "0-1"]
[WhiteElo "2374"]
[BlackElo "2136"]

1.Nf3 d5 2.d4 Nf6 3.c4 c6 4.Nc3 a6 5.a4 e6 6.g3 a5 7.Bg2 Be7 8.O-O O-O 9.Qb3 Na6
10.Rd1 Nb4 11.Ne5 b6 12.e4 Bb7 13.Be3 Qc7 14.Rac1 dxe4 15.Nxe4 Nxe4 16.Bxe4 c5
17.Bxb7 Qxb7 18.dxc5 bxc5 19.Rd7 Qe4 20.Rxe7 Qxe5 21.Rd7 Rac8 22.Rcd1 Qf5
23.Qc3 e5 24.Qd2 e4 25.Bf4 Nd3 26.Rd5 Qh3 27.Bd6 Rfe8 28.Qe2 f5 29.b3 Re6
30.f4 Rg6 31.Qe3 h5 32.Rd2 h4 33.Rg2 Qg4 34.Qd2 h3 35.Re2 Qf3 36.Qe3 Qg4
37.Rd2 Rc6 38.R5xd3 exd3 39.Qe8+ Kh7 40.Qxc6 Re6 41.Kf1 Re2 42.Rxd3 Re4  0-1

[Event "17th Battle of Senta"]
[Site "Senta SRB"]
[Date "2013.07.17"]
[Round "6.13"]
[White "Nagy,At1 SRB"]
[Black "Vranic,L"]
[Result "1/2-1/2"]
[WhiteElo "2206"]
[BlackElo "2225"]

1.c4 Nf6 2.d4 c6 3.Nf3 d5 4.Nc3 a6 5.b3 Bf5 6.e3 e6 7.Bb2 Bd6 8.Bd3 O-O 9.O-O Nbd7
10.Re1 Bb4 11.a3 Bxc3 12.Bxc3 Bxd3 13.Qxd3 Ne4 14.Red1 f5 15.Ne5 Nxe5 16.dxe5 f4
17.f3 Nc5 18.Qe2 Nxb3 19.Rab1 Na5 20.cxd5 cxd5 21.Bb4 Rf7 22.e4 Rd7 23.exd5 Rxd5
24.Rxd5 Qxd5 25.Rd1 Qc4 26.Qd2 Nc6 27.Rc1 Qd4+ 28.Qxd4 Nxd4 29.Rc7 b5 30.Kf2 Rd8
31.g3 h6 32.gxf4 Kh7 33.Bd6 Kg6 34.Ra7 Rc8 35.Ke3 Nf5+ 36.Kd3 Rc6 37.Bb4 Kh5
38.Bf8 g5 39.fxg5 Kxg5 40.Rf7 Rc8 41.Bb4 Kf4 42.Bc3 Kxf3 43.Rf6 Rc6 44.Bd2 h5
45.Rg6 Rc4 46.Rxe6 Rd4+ 47.Kc2 Ke4 48.Rxa6 Rc4+ 49.Kb2 Kd3 50.Bg5 Re4 51.e6 Re2+
52.Kb3 Nd4+ 53.Kb4 Nxe6 54.Rd6+ Kc2 55.Bf6 Nf4 56.Rc6+ Kd3 57.Kxb5 Rxh2 58.a4 Nd5
59.a5 h4 60.Be5 Re2 61.Bd6 h3 62.Rc5 Rb2+ 63.Kc6 Nb4+ 64.Kd7 Na6 65.Rh5 Kc4
66.Rxh3 Rb5 67.Rh4+ Kb3 68.Rh3+ Kc4  1/2-1/2

[Event "Thracian Princess ch-BUL Open w 2013"]
[Site "Vratsa BUL"]
[Date "2013.07.17"]
[Round "3.1"]
[White "Raeva,E"]
[Black "Dragomirescu,An"]
[Result "1-0"]
[WhiteElo "2263"]
[BlackElo "2239"]

1.Nf3 d5 2.d4 Nf6 3.c4 c6 4.Nc3 a6 5.c5 Nbd7 6.Bf4 Nh5 7.Bd2 g6 8.e4 dxe4
9.Nxe4 Ndf6 10.Nxf6+ Nxf6 11.Bc4 Bg7 12.O-O O-O 13.h3 Bf5 14.Qa4 Be4 15.Ba5 Qc8
16.Ne5 Bd5 17.Rfe1 Bxc4 18.Nxc4 Nd5 19.Rad1 Qd7 20.Qb3 Rab8 21.Re4 Qf5 22.Rde1 Bf6
23.g4 Qd7 24.Qg3 Bg7 25.Qh4 Bf6 26.g5 Bg7 27.Bc3 Rbe8 28.Qg3 f6 29.h4 f5
30.Re6 Nc7 31.Nb6 Qd8 32.Qd3 Nxe6 33.Rxe6 f4 34.f3 Rf5 35.Qe4 Kf7 36.Kf2 Rf8
37.Nc4 Qd7 38.Rxe7+ Qxe7 39.Nd6+ Qxd6 40.cxd6 Re8 41.Qc2 Ke6 42.d5+ Kxd6
43.Bxg7 Rxd5 44.Qc3 Re6 45.Bf6 a5 46.Qc1 Rf5 47.Qd2+ Kc5 48.Qd4+ Kb5 49.a4+ Ka6
50.Qc4+  1-0

[Event "28th Gniot Mem 2013"]
[Site "Police POL"]
[Date "2013.07.18"]
[Round "9.8"]
[White "Korbal,A"]
[Black "Tokarczyk,T"]
[Result "0-1"]
[WhiteElo "2131"]
[BlackElo "2198"]

1.d4 d5 2.c4 c6 3.Nc3 Nf6 4.Nf3 a6 5.g3 b5 6.b3 Bf5 7.Bg2 e6 8.O-O h6 9.c5 Nbd7
10.Nh4 Bh7 11.f4 Be7 12.f5 e5 13.e3 O-O 14.Nf3 Qc7 15.Bh3 Rfe8 16.Bd2 Ne4
17.Qc2 Bf6 18.Rae1 Re7 19.Nxe4 dxe4 20.Nxe5 Nxe5 21.dxe5 Qxe5 22.Rf2 Rd8
23.Bc1 Red7 24.Rf4 Rd3 25.Bf1 Bxf5 26.Qf2 R3d5 27.g4 Bg6 28.h4 Rxc5 29.h5 Bh7
30.Ba3 Rcd5 31.Re2 Qe6 32.Rxf6 Qxf6 33.Qxf6 gxf6 34.Be7 R8d7 35.Bxf6 Rd2
36.Kf2 R7d6 37.Be5 Rxe2+ 38.Kxe2 Re6 39.Bf4 f5 40.Bh3 Rf6 41.g5 hxg5 42.Bxg5 Rd6
43.Bf4 Rd3 44.Ke1 Kf7 45.Bf1 Rd7 46.Be5 Ke6 47.Bc3 Rd8 48.Be2 Rg8 49.Kf2 Kd5
50.Bd1 c5 51.Be2 Kc6 52.Bd1 b4 53.Bf6 Rf8 54.Bg7 Rd8 55.Ke1 Rd3 56.Ke2 Bg8
57.Bc2 Rd7 58.Bf8 Rf7  0-1

[Event "Thracian Princess ch-BUL Open w 2013"]
[Site "Vratsa BUL"]
[Date "2013.07.18"]
[Round "5.5"]
[White "Vasileva,V"]
[Black "Stefanova,M"]
[Result "0-1"]
[WhiteElo "1771"]
[BlackElo "1989"]

1.d4 d5 2.Nf3 Nf6 3.c4 c6 4.Nc3 a6 5.cxd5 cxd5 6.Bf4 Nc6 7.e3 Bg4 8.Be2 e6
9.h3 Bxf3 10.Bxf3 Be7 11.Rc1 O-O 12.O-O Rc8 13.Na4 Qa5 14.Qb3 b5 15.Nc5 Qb6
16.Qd3 Nb4 17.Qd2 a5 18.a3 Nc6 19.b4 Ra8 20.e4 dxe4 21.Nxe4 Nd5 22.bxa5 Nxa5
23.Nc5 Nc4 24.Nd7 Nxd2 25.Nxb6 Nxf3+ 26.gxf3 Nxb6  0-1

[Event "7th LCT 2013"]
[Site "Leiden NED"]
[Date "2013.07.19"]
[Round "7.31"]
[White "Van den Berg,Dick"]
[Black "Scherpenisse,K"]
[Result "0-1"]
[WhiteElo "2028"]
[BlackElo "1954"]

1.d4 d5 2.c4 c6 3.Nf3 Nf6 4.Nc3 a6 5.c5 Nbd7 6.Bf4 g6 7.e3 Bg7 8.h3 O-O 9.Bd3 Re8
10.O-O Nh5 11.Bh2 e5 12.g4 e4 13.gxh5 exd3 14.Bf4 Nf6 15.h6 Bh8 16.Kg2 Bf5
17.Bg5 Qd7 18.Rh1 Be4 19.Nxe4 dxe4 20.Ne5 Qf5 21.Bxf6 Bxf6 22.Qg4 Bxe5 23.Qxf5 gxf5
24.dxe5 Re6 25.Kg3 Rxe5 26.b4 Rd5 27.Kf4 Kh8 28.Rhg1 Rg8 29.Rxg8+ Kxg8 30.Rg1+ Kf8
31.f3 d2 32.Rd1 f6 33.fxe4 fxe4 34.Kxe4 Kf7 35.Kf4 Kg6 36.e4 Rd7 37.e5 fxe5+
38.Kxe5 Kxh6 39.Kf5 Kh5 40.a4 Rd5+  0-1

[Event "Lueneburg GM 2013"]
[Site "Lueneburg GER"]
[Date "2013.07.19"]
[Round "5.5"]
[White "Bitan,B"]
[Black "Wenzel,B"]
[Result "1-0"]
[WhiteElo "2295"]
[BlackElo "2045"]

1.d4 d5 2.c4 c6 3.Nf3 Nf6 4.Nc3 a6 5.c5 g6 6.Bf4 Bg7 7.h3 Nbd7 8.e3 b6 9.cxb6 Qxb6
10.Qc2 a5 11.Be2 Ba6 12.O-O Bxe2 13.Qxe2 O-O 14.Qc2 Rfc8 15.Ne5 Nxe5 16.Bxe5 Nd7
17.Na4 Qb5 18.Bxg7 Kxg7 19.Rac1 e6 20.b3 Nb6 21.Nc5 a4 22.e4 axb3 23.axb3 Qb4
24.Rcd1 Ra3 25.f4 dxe4 26.Qxe4 Raa8 27.Qe5+ Kg8 28.Nxe6 fxe6 29.Qxe6+ Kg7
30.f5 Re8 31.f6+ Kh6 32.Qg4 Qb5 33.d5 Qe2 34.Qf4+ g5 35.Qc7 Qe3+ 36.Kh1 Rg8
37.f7 Rgf8 38.Qxc6+  1-0

[Event "Horsens Lang Weekend 2013"]
[Site "Horsens DEN"]
[Date "2013.07.20"]
[Round "5.2"]
[White "Matthiesen,M"]
[Black "Teplyi,I"]
[Result "1-0"]
[WhiteElo "2275"]
[BlackElo "2409"]

1.d4 d5 2.c4 c6 3.Nf3 Nf6 4.Nc3 a6 5.e3 Bf5 6.Bd3 e6 7.O-O Be7 8.b3 O-O 9.Bb2 Bxd3
10.Qxd3 Nbd7 11.e4 dxe4 12.Nxe4 Qa5 13.Nc3 Rfd8 14.Rad1 Qh5 15.Rfe1 Bd6 16.Ne4 Nxe4
17.Qxe4 Nf6 18.Qc2 Rac8 19.h3 Nd7 20.Qe4 Re8 21.Ne5 Nf8 22.Rd3 f6 23.Qf3 Qxf3
24.Nxf3 Kf7 25.Nd2 Red8 26.Ne4 Be7 27.Red1 Rd7 28.Kf1 Ng6 29.g3 Rcd8 30.Ke2 f5
31.Nc3 b5 32.d5 bxc4 33.dxe6+ Kxe6 34.Re3+ Kf7 35.bxc4 Rb7 36.Ba3 Rxd1 37.Nxd1 f4
38.Rf3 Bg5 39.h4 Bh6 40.Rb3 Rd7 41.Bb2 fxg3 42.fxg3 Re7+ 43.Kd3 Re1 44.Nf2 Ne5+
45.Bxe5 Rxe5 46.Ng4 Ra5 47.Rb7+ Kg6 48.Rb6 Kh5 49.Nxh6 gxh6 50.Rxc6 Rxa2
51.Ke3 Rc2 52.Kf4 Rf2+ 53.Ke3 Rc2 54.Kf4 Rf2+ 55.Ke5 Re2+ 56.Kd5 Rd2+ 57.Kc5 Ra2
58.Kb6 Ra3 59.Rd6 Rxg3 60.c5 Rb3+ 61.Kxa6 Rb4 62.c6 Rxh4 63.c7 Rc4 64.Kb6 Rxc7
65.Kxc7 Kg5 66.Kc6 h5 67.Kd5 h4 68.Ke4 Kg4 69.Rd7 h5 70.Rg7+ Kh3 71.Rg5 Kh2
72.Kf3  1-0

[Event "Thracian Princess ch-BUL Open w 2013"]
[Site "Vratsa BUL"]
[Date "2013.07.20"]
[Round "8.2"]
[White "Raeva,E"]
[Black "Stefanova,M"]
[Result "1-0"]
[WhiteElo "2263"]
[BlackElo "1989"]

1.d4 d5 2.c4 c6 3.Nc3 a6 4.Nf3 Nf6 5.c5 a5 6.Bf4 g6 7.h3 Bg7 8.e3 O-O 9.Bd3 b6
10.cxb6 Qxb6 11.O-O Ba6 12.Na4 Qa7 13.Rc1 Rc8 14.Ne5 Bxd3 15.Nxd3 Nbd7 16.Rc2 Ne4
17.Qe2 Qa6 18.Rfc1 Qb5 19.b3 Nb6 20.f3 Nd6 21.Rc5 Qa6 22.Rxc6 Rxc6 23.Rxc6 Rb8
24.Qc2 Qb5 25.Rc5 Qa6 26.Nxb6 Qxb6 27.Rxd5 Rd8 28.Qc5 Qa6 29.Qxa5  1-0

[Event "31st Andorra Open"]
[Site "La Massana AND"]
[Date "2013.07.21"]
[Round "2.6"]
[White "Vazquez Igarza,R"]
[Black "Bremner,Adam"]
[Result "1-0"]
[WhiteElo "2571"]
[BlackElo "2228"]

1.Nf3 Nf6 2.c4 c6 3.Nc3 d5 4.d4 a6 5.a4 g6 6.Bf4 Bg7 7.e3 O-O 8.Be2 a5 9.h3 e6
10.O-O Re8 11.Qb1 Na6 12.Rd1 Nb4 13.Na2 Nxa2 14.Rxa2 Qe7 15.Ra3 dxc4 16.Bxc4 Nd5
17.Bg5 Bf6 18.Bxf6 Nxf6 19.e4 b6 20.e5 Nd5 21.Qc1 Bb7 22.Qh6 Qf8 23.Qh4 Kg7
24.Ng5 h6 25.Ne4 Qe7 26.Qg3 Red8 27.Nd6 Rxd6 28.exd6 Qd7 29.Bxd5 cxd5 30.Rc1 Rc8
31.Rxc8 Qxc8 32.Rc3 Bc6 33.Qe5+ f6 34.Qe1 Qe8 35.Qc1 Bd7 36.Rc7  1-0

[Event "6th Paleochora Open"]
[Site "Paleochora GRE"]
[Date "2013.07.21"]
[Round "4.25"]
[White "Koutsogiannopoulou,T"]
[Black "Kouvatsos,F"]
[Result "0-1"]
[WhiteElo "1886"]
[BlackElo "2181"]

1.d4 c6 2.c4 d5 3.Nc3 Nf6 4.Nf3 a6 5.cxd5 cxd5 6.g3 e6 7.Bg2 b5 8.O-O Bd6
9.Ne5 Bb7 10.Bg5 Nbd7 11.f4 h6 12.Bh4 Qb6 13.Nxd7 Nxd7 14.e4 dxe4 15.Nxe4 O-O
16.Kh1 Rac8 17.f5 exf5 18.Rxf5 Rc4 19.d5 g6 20.Qg4 Ne5 21.Qf4 Rxe4 22.Bxe4 gxf5
23.Qxh6 Qd4 24.Qg5+ Ng6 25.Qxf5 Re8 26.Bg2 Nxh4 27.Qd7 Qe5  0-1

[Event "6th Paleochora Open"]
[Site "Paleochora GRE"]
[Date "2013.07.21"]
[Round "4.16"]
[White "Stathopoulos,I"]
[Black "Chakravarthi,Y"]
[Result "1-0"]
[WhiteElo "2247"]
[BlackElo "2084"]

1.d4 d5 2.c4 c6 3.Nf3 Nf6 4.Nc3 a6 5.a4 g6 6.Bf4 Bg7 7.a5 O-O 8.e3 b5 9.axb6 Qxb6
10.Qc1 dxc4 11.Bxc4 c5 12.d5 Ne8 13.O-O Nd6 14.Be2 Nd7 15.e4 Bxc3 16.bxc3 Nxe4
17.Qe3 Nef6 18.c4 Re8 19.Rfb1 Qd8 20.Ne5 Nxe5 21.Bxe5 Bf5 22.Rb7 Nd7 23.Bc3 Qc8
24.Rb2 Nf6 25.f3 e5 26.g4 Nxg4 27.fxg4 Bxg4 28.Rf1 Bxe2 29.Qxe2 Qh3 30.Rc2 f5
31.Ba1 f4 32.Qe4 Rab8 33.d6 Qe6 34.Rd2 Rbd8 35.Rd5 Rxd6 36.Rxe5 Qg4+ 37.Kh1 Rde6
38.Qd5 f3 39.Rxf3 Qxf3+ 40.Qxf3 Rxe5 41.Bxe5 Rxe5 42.Qa8+ Kg7 43.Qxa6 Rf5
44.Qd6 h5 45.Qe7+ Kh6 46.h4 Rf3 47.Qg5+ Kg7 48.Qxc5 Rf5 49.Qe7+ Rf7 50.Qe5+  1-0

[Event "ch-AUT 2013"]
[Site "Feldkirch AUT"]
[Date "2013.07.22"]
[Round "3.3"]
[White "Kummer,Hel"]
[Black "Wallner,J"]
[Result "0-1"]
[WhiteElo "2357"]
[BlackElo "2404"]

1.d4 d5 2.c4 c6 3.Nf3 Nf6 4.Nc3 a6 5.a4 e6 6.Bg5 h6 7.Bh4 dxc4 8.e4 g5 9.Bg3 b5
10.Qc2 Bb7 11.Rd1 Bb4 12.Be2 Nbd7 13.O-O O-O 14.Ne5 Qe7 15.f4 Nxe5 16.fxe5 Nd7
17.Bg4 Rad8 18.Qe2 f6 19.axb5 cxb5 20.exf6 Nxf6 21.Bf3 Bxc3 22.bxc3 Qh7 23.Rfe1 Qg6
24.Bg4 Rde8 25.Be5 Bxe4 26.Bxf6 Bd3 27.Bxe6+ Kh7 28.Qe5 Rxf6 29.d5 Ref8 30.h3 Qg7
31.Kh2 Rf1 32.Qxg7+ Kxg7 33.d6 Rxe1 34.Rxe1 Rd8 35.d7 a5 36.h4 b4 37.cxb4 axb4
38.h5 b3 39.Bg4 Kf8 40.Re6 b2 41.Rf6+ Kg7 42.Rc6  0-1

[Event "Maccabiah GM2 2013"]
[Site "Jerusalem ISR"]
[Date "2013.07.22"]
[Round "2.3"]
[White "Kantsler,B"]
[Black "Deutsch,E"]
[Result "1/2-1/2"]
[WhiteElo "2430"]
[BlackElo "2380"]

1.d4 d5 2.c4 c6 3.Nf3 Nf6 4.Nc3 a6 5.a4 e6 6.Bg5 Be7 7.e3 a5 8.Be2 Na6 9.O-O Nb4
10.Qb3 O-O 11.Rac1 b6 12.Rfd1 Ba6 13.Bxf6 Bxf6 14.e4 Rc8 15.Bf1 dxc4 16.Bxc4 Bxc4
17.Qxc4 Qd7 18.g3 Rfd8 19.Kg2 Qb7 20.Qe2 h6 21.Rd2 c5 22.Rcd1 cxd4 23.Nxd4 Nc6
24.Ndb5 Rxd2 25.Rxd2 Rd8 26.Rxd8+ Bxd8 27.h3 Bf6 28.Qd3 Be7 29.Qd2 Nb4 30.Qd4 Nc6  1/2-1/2

[Event "Open Desko Liberec 2013"]
[Site "Liberec CZE"]
[Date "2013.07.23"]
[Round "5.3"]
[White "Budrewicz,K"]
[Black "Strebkovs,A"]
[Result "1-0"]
[WhiteElo "2196"]
[BlackElo "2312"]

1.d4 d5 2.c4 c6 3.Nc3 Nf6 4.Nf3 a6 5.e3 b5 6.b3 Bf5 7.Bd2 e6 8.Be2 Bd6 9.O-O Nbd7
10.Nh4 Be4 11.f3 Bg6 12.Be1 Qb8 13.g3 Bh5 14.e4 b4 15.Na4 dxe4 16.fxe4 Bxe2
17.Qxe2 e5 18.d5 cxd5 19.exd5 O-O 20.Nf5 a5 21.Bf2 g6 22.Nxd6 Qxd6 23.Rfd1 Qa6
24.Kf1 e4 25.c5 Ne5 26.Qxa6 Rxa6 27.c6 Rc8 28.Nc5 Raa8 29.Rac1 Nf3 30.Na4 Re8
31.Ke2 Nxh2 32.d6 e3 33.Bg1 Nhg4 34.d7 Ne4 35.dxe8=Q+ Rxe8 36.c7 Nxg3+ 37.Kf3 e2
38.Rd8  1-0